[Event "Paris-ch op-C 87th"]
[Site "Paris"]
[Date "2012.07.14"]
[Round "8"]
[White "Assedo, Johaquim"]
[Black "Vuddamalay, Milan"]
[Result "1/2-1/2"]
[WhiteElo "1890"]
[BlackElo "1857"]
[PlyCount "94"]
[EventDate "2012.07.07"]
[EventType "swiss"]
[EventRounds "9"]
[EventCountry "FRA"]
[SourceTitle "EXT 2014"]
[Source "ChessBase"]
[SourceDate "2013.11.20"]
[SourceVersion "1"]
[SourceVersionDate "2013.11.20"]
[SourceQuality "1"]

1. e4 c5 2. Nf3 d6 3. d4 cxd4 4. Nxd4 Nf6 5. Nc3 g6 6. Be3 Bg7 7. Bc4 Nc6 8. f3 0-0 9. Qd2 Bd7 10. Bb3 Rc8 11. 0-0-0 Ne5 12. h4 h5 13. Nde2 a5 14. Bh6 b5 15. Bxg7 Kxg7 16. a4 bxa4 17. Bxa4 Rb8 18. b3 Bxa4 19. Nxa4 Qc7 20. Nec3 Rfc8 21. Qe2 Qb7 22. g4 hxg4 23. fxg4 Nexg4 24. Rdg1 Ne5 25. h5 Rh8 26. hxg6 fxg6 27. Qe3 Rxh1 28. Rxh1 Rh8 29. Rxh8 Kxh8 30. Nb6 Kg7 31. Nbd5 Neg4 32. Qg5 Kf7 33. Nf4 Ne5 34. Ncd5 Nxe4 35. Qh4 Ke8 36. Ne6 Nf6 37. Nxf6+ exf6 38. Qh8+ Kd7 39. Qg7+ Kc8 40. Qf8+ Kd7 41. Qg7+ Kc8 42. Qxf6 Qb6 43. Nf4 Qg1+ 44. Kb2 Qd4+ 45. Kb1 Qd1+ 46. Kb2 Qd4+ 47. Kb1 Qd1+ 1/2-1/2

[Event "Paris-ch op-C 87th"]
[Site "Paris"]
[Date "2012.07.12"]
[Round "6"]
[White "Assedo, Johaquim"]
[Black "Jacquemin, William"]
[Result "1-0"]
[WhiteElo "1890"]
[BlackElo "1763"]
[PlyCount "131"]
[EventDate "2012.07.07"]
[EventType "swiss"]
[EventRounds "9"]
[EventCountry "FRA"]
[SourceTitle "EXT 2014"]
[Source "ChessBase"]
[SourceDate "2013.11.20"]
[SourceVersion "1"]
[SourceVersionDate "2013.11.20"]
[SourceQuality "1"]

1. e4 d6 2. d4 Nf6 3. Nc3 g6 4. f4 Bg7 5. Nf3 0-0 6. Bd3 Na6 7. 0-0 c5 8. d5 Bg4 9. h3 Bxf3 10. Qxf3 Nb4 11. Bd2 c4 12. Bxc4 Nxc2 13. Rac1 Rc8 14. Qd3 Nb4 15. Qe2 Nh5 16. Kh2 Na6 17. g4 Nf6 18. Bxa6 bxa6 19. Qxa6 Rb8 20. b3 Qd7 21. g5 Nh5 22. Qc6 Qd8 23. Ne2 Bb2 24. Rc2 Rc8 25. Qxc8 Qxc8 26. Rxc8 Rxc8 27. Be3 a6 28. Kg2 e6 29. dxe6 fxe6 30. Rd1 Ba3 31. Kf3 Kf7 32. Rd3 Bb4 33. Bd2 Bxd2 34. Rxd2 Ke7 35. Ke3 Kd7 36. h4 Ng7 37. Kd3 d5 38. exd5 exd5 39. Nd4 Rf8 40. Ke3 Rc8 41. Kd3 Rf8 42. Rf2 Kd6 43. a3 Nh5 44. Ne2 a5 45. Rf3 Kc5 46. Kc3 Rf5 47. Nd4 Rf7 48. f5 gxf5 49. Rxf5 Re7 50. b4+ axb4+ 51. axb4+ Kd6 52. Rf8 Rc7+ 53. Kd3 Ke7 54. Rf5 Rd7 55. Re5+ Kf7 56. Rf5+ Ke7 57. b5 Kd6 58. Rf8 Ke5 59. Re8+ Kf4 60. b6 Kg4 61. Rb8 Nf4+ 62. Kc3 Ng6 63. Kb4 Ne5 64. Kb5 Kxh4 65. b7 Kxg5 66. Rg8+ 1-0

[Event "Paris-ch op-B"]
[Site "Paris"]
[Date "2010.07.07"]
[Round "4"]
[White "Assedo, Johaquim"]
[Black "Ek, Alexandre"]
[Result "0-1"]
[WhiteElo "1883"]
[BlackElo "1842"]
[PlyCount "78"]
[EventDate "2010.07.03"]
[EventType "swiss"]
[EventRounds "9"]
[EventCountry "FRA"]
[SourceTitle "CBM 137 Extra"]
[Source "ChessBase"]
[SourceDate "2010.09.01"]
[SourceVersion "1"]
[SourceVersionDate "2010.09.01"]
[SourceQuality "1"]

1. e4 c5 2. Nc3 Nc6 3. Nf3 g6 4. Be2 Bg7 5. 0-0 Nf6 6. d3 0-0 7. h3 d6 8. Be3 Bd7 9. Qd2 Qa5 10. a3 Qc7 11. Bg5 Be6 12. Be3 Rfc8 13. Ng5 Bd7 14. f4 h6 15. Nf3 Nh5 16. Kh2 Nd4 17. Nd5 Qd8 18. Bxd4 cxd4 19. f5 e6 20. fxe6 fxe6 21. g4 exd5 22. gxh5 dxe4 23. dxe4 Qe7 24. Bd3 Qe6 25. Qg2 g5 26. b3 b5 27. Rae1 Be5+ 28. Nxe5 dxe5 29. Rf3 Rf8 30. Ref1 Rf4 31. Rxf4 exf4 32. Be2 Qe5 33. Bf3 Rc8 34. Rf2 Rc3 35. Rd2 a5 36. Bg4 Rg3 37. Qf2 Bxg4 38. hxg4 Qxe4 39. Rxd4 Rh3+ 0-1

[Event "Paris-ch op-B"]
[Site "Paris"]
[Date "2010.07.05"]
[Round "2"]
[White "Assedo, Johaquim"]
[Black "Weens, William"]
[Result "1-0"]
[WhiteElo "1883"]
[BlackElo "1722"]
[PlyCount "124"]
[EventDate "2010.07.03"]
[EventType "swiss"]
[EventRounds "9"]
[EventCountry "FRA"]
[SourceTitle "CBM 137 Extra"]
[Source "ChessBase"]
[SourceDate "2010.09.01"]
[SourceVersion "1"]
[SourceVersionDate "2010.09.01"]
[SourceQuality "1"]

1. e4 e5 2. Nf3 Nc6 3. Bc4 Bc5 4. 0-0 Nf6 5. Nc3 0-0 6. d3 h6 7. a3 d6 8. h3 Nd4 9. Nxd4 Bxd4 10. Ne2 d5 11. exd5 Nxd5 12. Ng3 Nf4 13. Qf3 Qh4 14. Ne4 Kh8 15. Bxf4 Qxf4 16. Qxf4 exf4 17. c3 Bb6 18. d4 f3 19. Rfe1 fxg2 20. Kxg2 c6 21. Nd6 Be6 22. Bxe6 fxe6 23. Nxb7 Rab8 24. Nd6 Rf6 25. Re2 Rg6+ 26. Kh1 Rf8 27. Ne4 e5 28. dxe5 Rf3 29. Kh2 Bc7 30. Ng3 Bxe5 31. Rxe5 Rxf2+ 32. Kg1 Rf3 33. Kh2 Rfxg3 34. Re2 h5 35. Rd1 Rf3 36. Rdd2 Rgg3 37. h4 Rh3+ 38. Kg2 Rfg3+ 39. Kf2 Rg4 40. Rd7 Rh2+ 41. Ke1 Rxe2+ 42. Kxe2 a5 43. Rd4 Rg2+ 44. Kd3 Rxb2 45. Ra4 Rb5 46. Rc4 Rd5+ 47. Ke4 Rd6 48. Rc5 Re6+ 49. Kf4 a4 50. Rxh5+ Rh6 51. Rxh6+ gxh6 52. Ke5 Kg7 53. Kd6 Kg6 54. Kxc6 Kh5 55. Kd6 Kxh4 56. c4 Kg3 57. c5 h5 58. c6 h4 59. c7 h3 60. c8Q h2 61. Qc6 Kf2 62. Qh1 Kg3 1-0